Bilecik Bilecik Bilecik Bilecik Bilecik

Türk Hava Kurumu edebiyat, sanat ve bilim eserleri yarışması 1988 - 1995 : (Record no. 10644)

MARC details
000 -BAŞLIK
Sabit Uzunluktaki Kontrol Alanı 02359nam a22003377a 4500
001 - KONTROL NUMARASI
Control Dosyası 0010674
003 - KONTROL NUMARASI KİMLİĞİ
Kontrol Alanı KOHA_MİRAKIL
005 - EN SON İŞLEM TARİHİ ve ZAMANI
Kontrol Alanı 20260207001751.0
007 - FİZİKSEL TANIM SABİT ALAN - GENEL BİLGİ
Sabit uzunluklu kontrol alanı ta
008 - SABİT UZUNLUKTAKİ VERİ ÖGELERİ - GENEL BİLGİ
Sabit Alan 091116b2008 tu |||gr||||#0|||1|tur |
020 ## - ISBN - ULUSLARARASI STANDART KİTAP NUMARASI
Isbn 9786058975613
Kullanılabilirlik koşulları 0,01
040 ## - KATALOGLAMA KAYNAĞI
Özgün Kataloglama Kurumu TR-BiSEU
Kataloglama Dili tur
Çeviri Kurumu TR-BiSEU
Açıklama Kuralları rda
041 0# - DİL KODU
Metin ya da ses kaydının dil kodu tur
044 ## - YAYINLAYAN/ÜRETEN KURULUŞUN ÜLKE KODU
ISO country code tu
050 ## - SINIFLAMA ve YER NUMARASI
Sınıflama Numarası PL245
Yer Numarası .S43 2008
245 0# - ESER ADI BİLDİRİMİ
Başlık Türk Hava Kurumu edebiyat, sanat ve bilim eserleri yarışması 1988 - 1995 :
Alt Eseradı vb. seçilen hikayeler/
Sorumluluk Bildirimi editör H. İbrahim Fırtına.
264 #1 - ÜRERİM, YAYIN, DAĞITIM ve TELİF BİLDİRİMİ
Yayın yeri Ankara :
Yayınlayan Türk Hava Kurumu
Yayın tarihi 2008
300 ## - FİZİKSEL TANIMLAMA
Sayfa, Cilt vb. 335 sayfa: resimli; 21 cm.
336 ## - İÇERİK TÜRÜ
Content type term metin
Content type code txt
Source rdacontent
337 ## - MEDYA TÜRÜ
Media type term aracısız
Media type code n
Source rdamedia
338 ## - TAŞIYICI TÜRÜ
Carrier type term cilt
Carrier type code nc
Source rdacarrier
490 1# - DİZİ BİLDİRİMİ
Dizi Bildirimi Türk Hava Kurumu Kültür yayınları ;
Cilt Numarası no.
490 1# - DİZİ BİLDİRİMİ
Dizi Bildirimi 12.
505 ## - İÇİNDEKİLER NOTU
İçindekiler Notu İÇİNDEKİLER
650 #0 - KONU BAŞLIĞI EK GİRİŞ - KONU TERİMİ
Konusal terim veya coğrafi ad Türk hikayeleri.
9 (RLIN) 9703
650 #0 - KONU BAŞLIĞI EK GİRİŞ - KONU TERİMİ
Konusal terim veya coğrafi ad Turkish stories.
9 (RLIN) 24136
830 1# - SERİ EK GİRİŞİ - TEKBİÇİM ESER ADI
Tekbiçim Başlık Türk Hava Kurumu Kültür yayınları ;
Volume number/sequential designation no.
9 (RLIN) 26085
830 1# - SERİ EK GİRİŞİ - TEKBİÇİM ESER ADI
Tekbiçim Başlık 12.
9 (RLIN) 7280
907 ## - LOCAL DATA ELEMENT G, LDG (RLIN)
a Hikaye
942 ## - EK GİRİŞ ÖGELERİ (KOHA)
Source of classification or shelving scheme Library of Congress Classification
Koha item type Book
505 ## - İÇİNDEKİLER NOTU
-- Ön Söz v
-- İçindekiler xv
--
-- Hikayeler
-- 1. İlk Uçuş 1988-1(6) 3
-- 2. Uçak 1988-2 13
-- 3. Göklerdeki Mutluluk 1988-3 19
-- 4. Mukaddes Tutku 1988-M 53
-- 5. İnce Ördek 1989-1 63
-- 6. Pilot Yüzbaşı Doğan Bey 1989-2 79
-- 7. Ehramların Üstünde 1989-3 87
-- 8. Beyaz Martının Son Düşü 1989-M-1 97
-- 9. Gökyüzü Özlemi 1989-M-2 109
-- 10. Bir Yaprağın Düşüyle 1990-1 115
-- 11. Masalcı 1990-2 123
-- 12. Hostes 1990-3 131
-- 13. Gökyüzündeki Anneye 1990-M-1 145
-- 14. Gökyüzü Adresindir 1990-M-2 155
-- 15. Kendi İçine Akan Nehir 1991-1 159
-- 16. Gökyüzüne Bir Bilet 1991-2 163
-- 17. Korku Duvarın Ötesine Uçuş 1991-M 169
-- 18. Gökyüzü Paylaşılamaz 1992-1 177
-- 19. Bu Hikaye Doğduğu Yerde Kalanlar ve Doğduğu Yerde Ölenler için değil 1992-2 185
-- 20. Sema 1992-3 189
-- 21. Beklenen Uçuşlar 1992-M 195
-- 22. Gökmen Bacı 1993-1 215
-- 23. En Baştan 1993-M 235
-- 24. Bir Avuç Hüzün 1994-1 251
-- 25. Bin Kez Seçsem Geçemem Mavisinden 1994-2 257
-- 26. Dost Mavi 1994-3 261
-- 27. Umudun Bittiği Yerden 1994-M 267
-- 28. Heryerden Uzağa 1995-1 279
-- 29. Yat toprağa Boylu Boyunca 1995-2 285
-- 30. Gülizarın Osman 1995-3 291
-- 31. Şair, Pilot, Sevgili 1995-M 297
-- 32. Hikayelerin Yıllara Göre Genel Sıralaması 305
-- 33. Seçici Kurul Tutanaklar 307
-- 34. Havacı 11 k Fotoğrafları 318
--
Holdings
Materyal Türü Kalıcı Konum Mevcut Konum Raf Yeri Sınıflandırma Kaynağı Edinim Bilgisi Ana Konular Alt Konular Yer Numarası Demirbaş Numarası Fatura Tarihi Geri Çekilme Durumu Kayıp Durumu Hasarlı Durumu Kredi için değil Kayıt Tarih Toplam Ödünçverme Son Görülme Tarihi Son Kontrol Tarihi Genel / Bağış Notu
Book Prof. Dr. Azmi Özcan Kütüphanesi Prof. Dr. Azmi Özcan Kütüphanesi Birûni Salonu Library of Congress Classification Bağış DİL VE EDEBİYAT Doğu Asya, Afrika, Okyanusya Dilleri ve Edebiyatları PL245 .S43 2008 0010674 13/08/2010         16/11/2009 7 09/01/2026 09/01/2026 Genel Bağış